000 00715nam a2200241 a 4500
001 19057
003 BD-RjUL
005 20211209000358.0
008 140223r19341902enk 6 001 0 eng d
035 _a(BD-RjUL)19115
040 _aBD-RjUL
_beng
_cBD-RjUL
041 _aeng
082 _a822.33
_bSHM 1934
_223
100 1 _aShakespeare, William.
_958734
245 _aMacbeth /
_cEdited by A. W. Verty
250 _anew ed.
260 _aCambridge :
_bAt the University press,
_c1902[Reprinted 1939].
300 _axxxvi, 206 p. ;
_c16 cm.
504 _aIncludes index.
650 0 _aMacbeth, -- King of Scotland,
_vactive 11th century -- Drama.
_958735
700 1 _aVerity, A. W.
_957536
942 _2ddc
_cBK
999 _c19057
_d19057